000 01274nam a2200169 a 4500
001 000045186
005 20250217091458.0
008 150209s1986 dr a 000 0 spa d
040 _aDO-SdBNP
_bspa
_cBNPHU
082 _axxxx
_bxxxx
100 1 _a López Rodríguez, Nicolás de Jesús,
_d1936-
_9670
245 1 0 _aFormación integral humana y religiosa 7 /
_cNicolás de Jesús López Rodríguez.
260 _aSanto Domingo :
_bSusaeta Ediciones Dominicanas,
_c1986.
300 _a80 p. :
_bil. ;
_c25 cm.
504 _aBibliografía : p. 80
505 0 _aEl hombre: La obra más perfecta de la creación --
_tOrigen del mundo y de la vida --
_tEl hombre es muy superior a los animales --
_tEl hombre, ser en evolución --
_tMi cuerpo es algo maravilloso --
_tSoy materia y espíritu --
_tMi vida, regalo de Dios --
_tEl hombre: ser que se realiza en otros --
_tNo estoy solo: vivo en sociedad --
_tQuiero servir a los demás -
_tEl hombre: hijo de Dios --
_tNace el pueblo de Dios: los patriarcas --
_tEsclavitud y liberación del pueblo de Dios: Moisés --
_tEl pueblo de Dios entra en la tierra prometida y se convierte en reino: Los jueces y la monarquía --
_tEl pueblo de Dios se mantiene en la fe en la esperanza: Los profetas --
_tLa libertad de Jesús --
_tEl nuevo reino de Dios --
999 _c44675
_d44675